00687nam a2200229Ia 450000500170000000800410001702000150005808200210007324500800009426000380017430000170021265000110022965000160024065000160025665000130027265000100028570000190029570000250031494200060033995200970034599900150044220250123044255.0240331s9999 xx 000 0 und d a041591518X bTUR22436a305.4 4aThe Gendered New World Order:bMilitarism, Development, and the Environment aNew YorkaLondonbRoutledgec1996 avii, 247 p., aGender aDevelopment aEnvironment aFeminism aWomen aTurpin, Jeedt aLorentzen, L. Aeedt cL 001040708LaWERCLbWERCLcSSCd2024-03-31l0o 305.4 GENp2436r2024-03-31w2024-03-31yL c1653d1653